[Event "Dundee & Angus Minor"]
[Site "?"]
[Date "2012.??.??"]
[Round "2"]
[White "Whyte, Nigel"]
[Black "Paton, Lisa"]
[Result "1-0"]
[WhiteElo "1216"]
[BlackElo "983"]
[PlyCount "129"]
[EventDate "2012.??.??"]

1. e4 d5 2. e5 d4 3. d3 Nc6 4. Nf3 e6 5. a3 f6 6. Bf4 h6 7. h3 Qd7 8. Nbd2 b6
9. Nb3 Bb7 10. Be2 O-O-O 11. O-O Nge7 12. Bh2 Ng6 13. exf6 gxf6 14. Re1 e5 15.
Nxe5 Ncxe5 16. Bh5 Qg7 17. Bg3 Nh4 18. Rxe5 fxe5 19. Qg4+ Qxg4 20. Bxg4+ Kb8
21. Bxh4 Rd6 22. Nd2 Rg8 23. Ne4 Bxe4 24. dxe4 Rdg6 25. Rd1 Bd6 26. Bg3 c5 27.
b3 a5 28. Be2 Kb7 29. a4 Rh8 30. h4 Rh7 31. Bc4 Rhg7 32. Bd5+ Kc7 33. Bc4 Rg4
34. Re1 R4g6 35. Bf1 Kd7 36. Rd1 Rf6 37. h5 Rf8 38. Bc4 Rg5 39. Be2 Kc7 40. Kh2
Be7 41. Bh4 Rg7 42. Bg3 Bd6 43. Rf1 Kd7 44. Kh1 Rg5 45. Bh4 Rg7 46. g4 Be7 47.
Bg3 Rg5 48. f3 Bd6 49. Be1 Rfg8 50. Bd2 R5g7 51. Bxh6 Rh7 52. Bd2 Be7 53. Bb5+
Kd6 54. Bc4 Rhh8 55. Bxg8 Rxg8 56. h6 Rh8 57. Rg1 Ke6 58. g5 Bf8 59. Rg3 Be7
60. g6 Bf8 61. g7 Bxg7 62. Rxg7 Kf6 63. Rb7 Rg8 64. Rxb6+ Ke7 65. Ra6 1-0

[Event "Dundee & Angus Minor"]
[Site "?"]
[Date "2012.??.??"]
[Round "2"]
[White "Johnson, Ian"]
[Black "McCulloch, Andy"]
[Result "0-1"]
[WhiteElo "1315"]
[BlackElo "1139"]
[PlyCount "54"]
[EventDate "2012.??.??"]

1. e4 e6 2. d3 d5 3. Nc3 Bb4 4. Bd2 dxe4 5. Nxe4 Bxd2+ 6. Qxd2 Nd7 7. O-O-O
Ngf6 8. h3 O-O 9. Be2 a5 10. g4 b6 11. Bf3 Rb8 12. Ne2 Qe7 13. Nd4 Bb7 14. Qc3
c5 15. Nc6 Bxc6 16. Nxf6+ Nxf6 17. Bxc6 Rfc8 18. Bb5 Nd5 19. Qd2 Ra8 20. a3 a4
21. f4 Rd8 22. g5 g6 23. h4 Qc7 24. Rdf1 Ne7 25. c4 Nf5 26. Rh3 Nd4 27. h5 Nb3+
0-1

[Event "Dundee & Angus Minor"]
[Site "?"]
[Date "2012.??.??"]
[Round "2"]
[White "Stewart, Matthew"]
[Black "Kearns, Samuel"]
[Result "1-0"]
[WhiteElo "1268"]
[BlackElo "836"]
[PlyCount "37"]
[EventDate "2012.??.??"]

1. d4 f5 2. c4 Nf6 3. Nc3 e6 4. Nf3 b6 5. e3 Bb7 6. Be2 Be7 7. O-O O-O 8. b3 d5
9. Ne5 Nc6 10. Bb2 Nxe5 11. dxe5 Nd7 12. cxd5 Nxe5 13. dxe6 Rf6 14. f4 Nc6 15.
Nb5 Rxe6 16. Bc4 Kf7 17. Qh5+ Kf8 18. Bxe6 g6 19. Qh6+ 1-0

[Event "Dundee & Angus Minor"]
[Site "?"]
[Date "2012.??.??"]
[Round "3"]
[White "Doherty, Terry"]
[Black "Waugh, Norman"]
[Result "1-0"]
[WhiteElo "1263"]
[BlackElo "1097"]
[PlyCount "55"]
[EventDate "2012.??.??"]

1. d4 d5 2. Nf3 e6 3. e3 Nf6 4. Bd3 c5 5. c3 Nc6 6. Nbd2 c4 7. Bc2 Bd6 8. O-O
O-O 9. Re1 e5 10. e4 Re8 11. exd5 Nxd5 12. Nxc4 Bc7 13. Ncxe5 Nxe5 14. Nxe5 Qf6
15. Nf3 Bg4 16. Be4 Bxf3 17. Qxf3 Rab8 18. Bd2 Qd6 19. g3 Nf6 20. Re2 Nxe4 21.
Rxe4 b5 22. Rae1 Qd7 23. R1e3 a6 24. Qf5 Qc6 25. d5 Qa8 26. Re7 Rf8 27. Rxc7
Rb6 28. Ree7 1-0

[Event "Dundee & Angus Minor"]
[Site "?"]
[Date "2012.??.??"]
[Round "3"]
[White "Gray, Euan"]
[Black "Watson, David"]
[Result "1-0"]
[WhiteElo "937"]
[BlackElo "1200"]
[PlyCount "43"]
[EventDate "2012.??.??"]

1. e4 e5 2. f4 exf4 3. Nf3 d5 4. exd5 Qxd5 5. Nc3 Qe6+ 6. Be2 Nc6 7. d4 Qf6 8.
O-O Nge7 9. Nb5 Kd8 10. d5 Nb4 11. d6 cxd6 12. Nxd6 Ned5 13. Ne4 Qg6 14. a3
Qxe4 15. axb4 Bd7 16. c3 Be7 17. Bd3 Qe6 18. Bc4 Qb6+ 19. Kh1 Ne3 20. Bxe3 fxe3
21. Ne5 e2 22. Qxd7# 1-0

[Event "Dundee & Angus Minor"]
[Site "?"]
[Date "2012.??.??"]
[Round "3"]
[White "Stewart, Matthew"]
[Black "Ramazanov, Vagif"]
[Result "0-1"]
[WhiteElo "1268"]
[BlackElo "946"]
[PlyCount "110"]
[EventDate "2012.??.??"]

1. d4 Nf6 2. c4 c5 3. e3 cxd4 4. exd4 g6 5. Nf3 Bg7 6. Nc3 O-O 7. Bf4 d5 8. h3
Nc6 9. Ne5 dxc4 10. Nxc6 bxc6 11. Bxc4 Bb7 12. Be5 e6 13. O-O Qb6 14. Na4 Qb4
15. b3 Nd7 16. Bxg7 Kxg7 17. a3 Qe7 18. b4 Nb6 19. Nxb6 axb6 20. Qb3 Rfd8 21.
Rfd1 Rd7 22. Qc3 Rad8 23. Rd3 Qf6 24. Rad1 c5 25. bxc5 bxc5 26. Bb5 cxd4 27.
Qb4 Rd6 28. a4 Qg5 29. Rg3 Qe5 30. Bd3 Ba6 31. Bxa6 Rxa6 32. Rgd3 Rad6 33. a5
h5 34. Ra1 Ra8 35. Ra4 Ra7 36. Rxd4 Rxd4 37. Qxd4 Qxd4 38. Rxd4 Rxa5 39. g4
hxg4 40. hxg4 Rd5 41. Rxd5 exd5 42. f4 g5 43. Kf2 gxf4 44. Kf3 Kg6 45. Kxf4 f6
46. Kf3 Kg5 47. Kg3 d4 48. Kf3 d3 49. Ke3 Kxg4 50. Kxd3 Kf3 51. Kd2 Kf2 52. Kd3
f5 53. Kd2 f4 54. Kd1 f3 55. Kd2 Kg2 0-1

[Event "Dundee & Angus Minor"]
[Site "?"]
[Date "2012.??.??"]
[Round "3"]
[White "Cutting, Ron"]
[Black "Thomas, Jacqui"]
[Result "1-0"]
[WhiteElo "1091"]
[BlackElo "1155"]
[PlyCount "89"]
[EventDate "2012.??.??"]

1. d4 d5 2. c4 e6 3. Nc3 Bb4 4. a3 Bxc3+ 5. bxc3 Ne7 6. Bg5 f6 7. Bh4 b6 8. e3
Bb7 9. Bd3 O-O 10. Nf3 Nbc6 11. O-O Ba6 12. Nd2 Na5 13. Qe2 dxc4 14. Nxc4 Nxc4
15. Bxc4 Bxc4 16. Qxc4 Nd5 17. e4 Nf4 18. Rad1 Qe7 19. a4 Kh8 20. Kh1 Ng6 21.
Bg3 Rac8 22. Rfe1 e5 23. h3 Rfd8 24. Rd3 exd4 25. cxd4 a5 26. f3 c6 27. Kh2 h6
28. f4 c5 29. d5 Kh7 30. Rde3 Rd7 31. e5 fxe5 32. fxe5 Qg5 33. Re4 Re8 34. Rg4
Qd2 35. Rxg6 Kxg6 36. Qg4+ Kh7 37. Qxd7 Rf8 38. e6 Rf2 39. Bxf2 Qxf2 40. Re4
Qf5 41. Rg4 Qe5+ 42. Rg3 c4 43. e7 c3 44. e8=Q Qxe8 45. Qxg7# 1-0

[Event "Dundee & Angus Minor"]
[Site "?"]
[Date "2012.??.??"]
[Round "3"]
[White "McCulloch, Andrew"]
[Black "Whyte, Nigel"]
[Result "1-0"]
[WhiteElo "1139"]
[BlackElo "1216"]
[PlyCount "125"]
[EventDate "2012.??.??"]

1. d4 c6 2. Nf3 d5 3. e3 Bf5 4. c4 a6 5. Nbd2 Nd7 6. Be2 e6 7. O-O Bd6 8. b3
Ngf6 9. Bb2 Bb8 10. cxd5 exd5 11. Ba3 Qc7 12. Re1 Ne4 13. Nf1 Ba7 14. Bb2 O-O-O
15. a4 Ndf6 16. Ne5 h5 17. Rc1 Bb8 18. b4 Rd6 19. Ba3 Re6 20. b5 axb5 21. axb5
Rxe5 22. dxe5 Ng4 23. Qa4 Rh6 24. bxc6 bxc6 25. Bd6 Qd7 26. Ba6+ Kd8 27. Bxb8
Nxe5 28. Bxe5 Bh3 29. Qb4 Rg6 30. Qf8+ Qe8 31. Bc7+ Kd7 32. Qxe8+ Kxe8 33. Ng3
Bd7 34. Nxe4 dxe4 35. Rb1 c5 36. Bc4 Rc6 37. Be5 g6 38. Bg7 Rc8 39. Re2 Ke7 40.
Reb2 Rc6 41. Rb7 Rd6 42. h4 Kd8 43. Bb5 Bc8 44. Rxf7 Be6 45. Bf6+ Kc8 46. Be5
Rd5 47. Rf8+ Kb7 48. Bc4+ Kc6 49. Bxd5+ Kxd5 50. Bg7 c4 51. Bc3 Kc5 52. Rd8 Kc6
53. Rbd1 Kc7 54. R8d4 Kc6 55. Rxe4 Bf7 56. Re7 Bd5 57. e4 Bg8 58. e5 Bd5 59.
Re8 Bf7 60. Re7 Bd5 61. e6 Kc5 62. Re8 Bc6 63. Red8 1-0

[Event "Dundee & Angus Minor"]
[Site "?"]
[Date "2012.??.??"]
[Round "3"]
[White "Richmond, Ian"]
[Black "Johnson, Ian"]
[Result "0-1"]
[WhiteElo "1021"]
[BlackElo "1315"]
[PlyCount "50"]
[EventDate "2012.??.??"]

1. e4 e5 2. Nf3 d6 3. c3 Nf6 4. d3 Nc6 5. Be3 Be7 6. Be2 h6 7. Qc2 a6 8. O-O
Bg4 9. h3 Bh5 10. d4 Bg6 11. Nbd2 O-O 12. dxe5 Nxe5 13. Nxe5 dxe5 14. Rad1 Qe8
15. Bf3 Qc6 16. b4 Rad8 17. a3 b5 18. c4 Rd7 19. Rc1 Rfd8 20. cxb5 Qxb5 21. Nc4
c6 22. a4 Qb8 23. Nb6 Rb7 24. a5 Nd5 25. Qxc6 Nxb6 0-1

[Event "Dundee & Angus Minor"]
[Site "?"]
[Date "2012.??.??"]
[Round "3"]
[White "Bridges, David"]
[Black "Walker, William"]
[Result "1-0"]
[WhiteElo "1309"]
[BlackElo "860"]
[PlyCount "103"]
[EventDate "2012.??.??"]

1. d4 d5 2. c4 Nf6 3. Nc3 e6 4. Nf3 Nc6 5. a3 g6 6. h3 Bg7 7. Bg5 O-O 8. e4
dxe4 9. Nxe4 Re8 10. Be2 b6 11. O-O Bb7 12. Nc3 Qd7 13. Qd2 Rad8 14. Rad1 Bc8
15. Qe3 h6 16. Bxh6 Kh7 17. Bg5 a6 18. Rd2 Qd6 19. c5 bxc5 20. dxc5 Qf8 21.
Rfd1 Rxd2 22. Rxd2 Nd7 23. b4 a5 24. b5 Ncb8 25. c6 Nb6 26. a4 Qa3 27. Rd3 Nxa4
28. Nxa4 Qxa4 29. Ra3 Qb4 30. Rb3 Qf8 31. Qa7 f6 32. Be3 Nxc6 33. bxc6 Qd6 34.
Qc5 Rd8 35. Qc2 e5 36. Rd3 Qe7 37. Rxd8 Qxd8 38. Qc5 Qd6 39. Nd2 Bf8 40. Qb5
Qb4 41. Qd5 Bf5 42. Qf7+ Bg7 43. Bc4 Qf8 44. Qxc7 a4 45. Qa5 Bc2 46. Qd5 Qa8
47. c7 Bf5 48. Qxa8 g5 49. Bg8+ Kh6 50. Qxa4 Bf8 51. Qe8 Kg7 52. Be6 1-0

[Event "Dundee & Angus Minor"]
[Site "?"]
[Date "2012.??.??"]
[Round "4"]
[White "Watson, Dave"]
[Black "Kearns, Sam"]
[Result "1-0"]
[WhiteElo "1200"]
[BlackElo "836"]
[PlyCount "47"]
[EventDate "2012.??.??"]

1. e4 c5 2. Nf3 Nc6 3. Bc4 e6 4. O-O b6 5. c3 Be7 6. d4 Qc7 7. Be3 Nf6 8. Nbd2
a6 9. a3 b5 10. Ba2 c4 11. b3 Bxa3 12. bxc4 Bb2 13. Rb1 Bxc3 14. d5 Ne5 15. Bf4
Bxd2 16. Bxe5 d6 17. Bxf6 gxf6 18. Qxd2 exd5 19. Qxd5 Bb7 20. Qd4 Qc5 21. Qxf6
Rg8 22. cxb5 Bxe4 23. Qxf7+ Kd8 24. Qxg8+ 1-0

[Event "Dundee & Angus Minor"]
[Site "?"]
[Date "2012.??.??"]
[Round "4"]
[White "Emery, Nicola"]
[Black "Stewart, Matthew"]
[Result "0-1"]
[WhiteElo "818"]
[BlackElo "1268"]
[PlyCount "92"]
[EventDate "2012.??.??"]

1. c4 c6 2. Nc3 Nf6 3. g3 d5 4. d3 e5 5. Bg2 d4 6. Ne4 Nxe4 7. Bxe4 Be6 8. Nf3
Nd7 9. Ng5 Nc5 10. Nxe6 Nxe6 11. O-O Bd6 12. e3 O-O 13. exd4 Nxd4 14. Qg4 Qc8
15. Qh4 g6 16. Bh6 Re8 17. Qf6 Ne6 18. f4 Qd8 19. Qxd8 Raxd8 20. f5 Nc5 21.
fxg6 hxg6 22. Rf3 f5 23. Bxf5 gxf5 24. Rxf5 Nxd3 25. b3 Bf8 26. Be3 a6 27. Raf1
Bc5 28. Rg5+ Kh7 29. Rf7+ Kh8 30. Bxc5 Nxc5 31. Rff5 Rd1+ 32. Kg2 Rd2+ 33. Kh3
Nd3 34. Kg4 Rxh2 35. Rh5+ Rxh5 36. Rxh5+ Kg7 37. Rg5+ Kf6 38. Rf5+ Ke6 39. Rf3
e4 40. Re3 Ke5 41. Kg5 Kd4 42. Re2 Rf8 43. Kg4 Rf2 44. Rxf2 Nxf2+ 45. Kf4 Kd3
46. a4 e3 0-1

[Event "Dundee & Angus Minor"]
[Site "?"]
[Date "2012.??.??"]
[Round "4"]
[White "Johnson, Ian"]
[Black "Gray, Euan"]
[Result "0-1"]
[WhiteElo "1315"]
[BlackElo "937"]
[PlyCount "94"]
[EventDate "2012.??.??"]

1. e4 e5 2. Nf3 Nf6 3. d3 Nc6 4. Nc3 Be7 5. h3 O-O 6. Be2 d6 7. Be3 d5 8. exd5
Nxd5 9. Nxd5 Qxd5 10. O-O Bf5 11. Nd2 Nd4 12. Bxd4 Qxd4 13. c3 Qd6 14. Nc4 Qe6
15. Ne3 Rad8 16. Nxf5 Qxf5 17. Qc2 Bf6 18. Rad1 Rd6 19. Rd2 Rfd8 20. Rfd1 Bg5
21. Bg4 Qg6 22. Be2 Bxd2 23. Rxd2 e4 24. d4 e3 25. Qxg6 exf2+ 26. Kxf2 hxg6 27.
Bf3 c6 28. Ke3 f5 29. b4 b6 30. a3 Kf7 31. c4 c5 32. d5 cxb4 33. axb4 g5 34. g3
Kf6 35. Kd4 g6 36. c5 Re6 37. d6 Kg7 38. Rd3 Kf8 39. Kd5 Kf7 40. Kc6 Ke8 41.
Bd5 Re5 42. Bf3 bxc5 43. bxc5 Rc8+ 44. Kb7 Rcxc5 45. Kxa7 Kd7 46. Kb6 Rb5+ 47.
Ka6 Ra5+ 0-1

[Event "Dundee & Angus Minor"]
[Site "?"]
[Date "2012.??.??"]
[Round "4"]
[White "Grant, Norman"]
[Black "Waugh, Norman"]
[Result "1-0"]
[WhiteElo "1262"]
[BlackElo "1097"]
[PlyCount "88"]
[EventDate "2012.??.??"]

1. e4 c5 2. Bc4 Nc6 3. Nf3 e6 4. Nc3 a6 5. a3 b5 6. Ba2 Bb7 7. d3 Qc7 8. Be3
Nf6 9. Qd2 Be7 10. Bf4 Bd6 11. Bxd6 Qxd6 12. Qe3 Nd4 13. Rc1 e5 14. Qg5 Nxf3+
15. gxf3 O-O 16. Rg1 g6 17. h4 Kh8 18. f4 exf4 19. Ne2 Nh5 20. e5 Qc6 21. Nxf4
Nxf4 22. Qxf4 Rfe8 23. Kd2 Qf3 24. Qxf3 Bxf3 25. Rg3 Bc6 26. f4 Red8 (26...
Rad8 27. Re1 d6 28. exd6 Rxd6) 27. Re1 d6 28. exd6 Rxd6 29. Re7 Rd7 30. Rge3
Kg7 31. Rxd7 Bxd7 32. Re7 Be6 33. Bxe6 Kh6 34. Rxf7 Re8 35. Bg4 Rd8 36. Ra7 Rd6
37. Kc3 Rd4 38. Rxa6 Rxf4 39. Bd7 Rxh4 40. Bxb5 Kg5 41. Rc6 Kf4 42. Rxc5 g5 43.
Rc4+ Kg3 44. Rxh4 gxh4 1-0

[Event "Dundee & Angus Minor"]
[Site "?"]
[Date "2012.??.??"]
[Round "4"]
[White "Ramazanov, Vagif"]
[Black "Martin, Kevin"]
[Result "1-0"]
[WhiteElo "946"]
[BlackElo "1204"]
[PlyCount "83"]
[EventDate "2012.??.??"]

1. e4 e6 2. d4 d5 3. exd5 exd5 4. Nf3 c5 5. c3 Qb6 6. Be2 Nc6 7. O-O Nh6 8. Na3
Nf5 9. Nc2 Bd6 10. Re1 O-O 11. Bf1 Bd7 12. a3 Rfe8 13. b4 Rxe1 14. Qxe1 cxd4
15. b5 Na5 16. Nfxd4 Nxd4 17. Nxd4 Nc4 18. Bxc4 dxc4 19. Be3 Bc5 20. a4 Re8 21.
Qd2 Re5 22. Nc2 Bf5 23. Bxc5 Rxc5 24. Qf4 Qg6 25. Qd4 Rc8 26. Ne3 h6 27. Nxf5
Qxf5 28. Qxa7 Re8 29. Qxb7 Qe5 30. h3 Qxc3 31. Rd1 Re1+ 32. Rxe1 Qxe1+ 33. Kh2
c3 34. Qc8+ Kh7 35. b6 Qxf2 36. Qc7 c2 37. b7 Qa7 38. Qxc2+ g6 39. Qc7 Kg7 40.
b8=Q Qxa4 41. Qb2+ Kg8 42. Qd8+ 1-0

[Event "Dundee & Angus Minor"]
[Site "?"]
[Date "2012.??.??"]
[Round "5"]
[White "Waugh, Norman"]
[Black "Johnson, Ian"]
[Result "0-1"]
[WhiteElo "1097"]
[BlackElo "1315"]
[PlyCount "68"]
[EventDate "2012.??.??"]

1. e4 e5 2. Nf3 d6 3. Nc3 Nf6 4. Bc4 Bg4 5. h3 Bh5 6. d3 h6 7. Be3 c6 8. g4
Nxg4 9. hxg4 Bxg4 10. Qe2 Qf6 11. Rg1 Bxf3 12. Qf1 Bh5 13. Qh3 Bg6 14. Qc8+ Qd8
15. Qxd8+ Kxd8 16. Kd2 Nd7 17. Raf1 a5 18. f4 b5 (18... f5) 19. f5 bxc4 20.
fxg6 f6 21. dxc4 Rb8 22. Na4 c5 23. b3 Nb6 24. Nxb6 Rxb6 25. Kc1 Kd7 26. Rd1
Rc6 27. Rd5 Ke6 28. Rgd1 Be7 29. a4 f5 30. exf5+ Kxf5 31. Rg1 Bg5 32. Bxg5 hxg5
33. Rd2 Kxg6 34. Rgd1 Rd8 0-1

[Event "Dundee & Angus Minor"]
[Site "?"]
[Date "2012.??.??"]
[Round "5"]
[White "Doherty, Terry"]
[Black "Ramazanov, Vagif"]
[Result "1/2-1/2"]
[WhiteElo "1263"]
[BlackElo "946"]
[PlyCount "71"]
[EventDate "2012.??.??"]

1. d4 Nf6 2. Nf3 d5 3. e3 g6 4. b3 Bg7 5. Bb2 O-O 6. Nbd2 c6 7. c4 Bf5 8. Be2
Nbd7 9. Nh4 Be6 10. O-O Rb8 11. f4 b5 12. c5 Kh8 13. f5 gxf5 14. Nxf5 Rg8 15.
Ng3 Bh6 16. e4 dxe4 17. Ndxe4 Nxe4 18. Nxe4 Qc7 19. d5+ Bg7 20. Bxg7+ Rxg7 21.
dxe6 Rbg8 22. Bf3 fxe6 23. Qe2 Ne5 24. Rf2 Nxf3+ 25. Qxf3 Qe5 26. Raf1 Rg4 27.
Nf6 exf6 28. Qxf6+ Qxf6 29. Rxf6 Rxg2+ 30. Kh1 R2g6 31. Rxg6 Rxg6 32. Rf8+ Rg8
33. Rf7 Rg5 34. b4 Rg7 35. Rf8+ Rg8 36. Rf7 1/2-1/2

[Event "Dundee & Angus Minor"]
[Site "?"]
[Date "2012.??.??"]
[Round "5"]
[White "Bridges, David"]
[Black "D'Costa, Leston"]
[Result "1-0"]
[WhiteElo "1308"]
[BlackElo "834"]
[PlyCount "95"]
[EventDate "2012.??.??"]

1. d4 f5 2. Nf3 e6 3. c4 Nf6 4. Nc3 Be7 5. h3 O-O 6. Bg5 Nc6 7. d5 Nb8 8. e3 d6
9. dxe6 Bxe6 10. Bd3 Nc6 11. a3 Ne4 12. Bxe7 Qxe7 13. Nxe4 fxe4 14. Bxe4 Bxc4
15. Qc2 Be6 16. Bxh7+ Kh8 17. O-O Bxh3 18. Qe4 Qxe4 19. Bxe4 Bd7 20. g3 Rae8
21. Bd5 b6 22. Nh4 Kh7 23. Rac1 Rc8 24. Bxc6 Bxc6 25. Rxc6 Kh6 26. Ng2 Kg6 27.
Nf4+ Kf6 28. Nd5+ Ke6 29. Nxc7+ Kd7 30. Rfc1 b5 31. R6c2 Rf5 32. Na6 Rfc5 33.
Nxc5+ dxc5 34. Rxc5 Rxc5 35. Rxc5 a6 36. f4 Kd6 37. Rg5 Ke6 38. Rxg7 Kf5 39.
Re7 Kg4 40. Kf2 Kf5 41. Kf3 a5 42. g4+ Kf6 43. Re5 b4 44. axb4 axb4 45. g5+ Kg6
46. Kg4 Kg7 47. Re7+ Kg6 48. f5# 1-0

[Event "Dundee & Angus Minor"]
[Site "?"]
[Date "2012.??.??"]
[Round "5"]
[White "McCulloch, Andrew"]
[Black "Cutting, Ron"]
[Result "*"]
[WhiteElo "1139"]
[BlackElo "1091"]
[PlyCount "61"]
[EventDate "2012.??.??"]

1. d4 Nf6 2. Nf3 g6 3. Bg5 Bg7 4. c4 d6 5. Nc3 O-O 6. Qc1 Bf5 7. Bh6 Nbd7 8.
Bxg7 Kxg7 9. e3 e5 10. dxe5 Nxe5 11. Nxe5 dxe5 12. Be2 c6 13. O-O Qc7 14. b4 a6
15. Qb2 Qe7 16. Rad1 Rab8 17. a3 b5 18. c5 Ra8 19. Bf3 e4 20. Be2 Kg8 21. Rd2
Rfd8 22. Rfd1 Rxd2 23. Rxd2 Rd8 24. Rxd8+ Qxd8 25. Qc1 Qd7 26. Qd1 Qxd1+ 27.
Bxd1 h5 28. h3 h4 29. f3 exf3 30. Bxf3 Bd7 31. Kf2 *

[Event "Dundee & Angus Minor"]
[Site "?"]
[Date "2012.??.??"]
[Round "5"]
[White "McLeod, Robbie"]
[Black "Thomas, Jacqui"]
[Result "1-0"]
[WhiteElo "1077"]
[BlackElo "1155"]
[PlyCount "100"]
[EventDate "2012.??.??"]

1. d4 Nf6 2. e3 g6 3. Nf3 Bg7 4. Nbd2 O-O 5. Bd3 d6 6. h3 Nc6 7. O-O e5 8. Ne4
Re8 9. Nxf6+ Bxf6 10. dxe5 Nxe5 11. Nxe5 dxe5 12. e4 Bg7 13. Qf3 Qf6 14. Qg3
Qd6 15. Qf3 a5 16. Bc4 Be6 17. Bxe6 Qxe6 18. b3 Rad8 19. Rd1 b5 20. Be3 Rd6 21.
Bc5 Rc6 22. Be3 Rxc2 23. Rdc1 Rxc1+ 24. Rxc1 c6 25. Rc2 Rd8 26. Rd2 Rxd2 27.
Bxd2 b4 28. Qe3 Qd6 29. Be1 Qd4 30. Kf1 Qxe3 31. fxe3 Bf8 32. Ke2 Bd6 33. Kd3
f5 34. exf5 gxf5 35. e4 fxe4+ 36. Kxe4 Kf7 37. g4 Ke6 38. h4 Be7 39. g5 Bd8 40.
Bg3 Bc7 41. h5 c5 42. g6 hxg6 43. h6 Bd8 44. Bxe5 a4 45. h7 axb3 46. axb3 Bf6
47. Bxf6 Kxf6 48. h8=Q+ Kg5 49. Qf8 Kh5 50. Qxc5+ g5 1-0

[Event "Dundee & Angus Minor"]
[Site "?"]
[Date "2012.??.??"]
[Round "5"]
[White "Whyte, Nigel"]
[Black "Watson, Dave"]
[Result "0-1"]
[WhiteElo "1216"]
[BlackElo "1200"]
[PlyCount "75"]
[EventDate "2012.??.??"]

1. e4 e5 2. Nf3 Nc6 3. Bb5 Nf6 4. d3 h6 5. Bxc6 bxc6 6. Nxe5 Bc5 7. d4 Bb6 8.
Qd3 O-O 9. Nd2 c5 10. d5 Re8 11. Nec4 Ba6 12. O-O c6 13. d6 Re6 14. b3 Nh5 15.
Nf3 Rg6 16. e5 Qe8 17. Qe4 Bd8 18. Re1 Qe6 19. Re3 Rg4 20. Ng5 Bxg5 21. Qf3
Bxe3 22. Bxe3 Bxc4 23. bxc4 Qxc4 24. g3 Re8 25. h3 Rg6 26. Rb1 Rxe5 27. g4 Nf6
28. Qg3 Nxg4 29. Kh1 Nxe3 30. Qxe5 Re6 (30... Rxd6) 31. Qg3 Qxa2 32. Rb8+ Kh7
33. fxe3 Qd5+ 34. Kh2 Rg6 35. Qf2 Qxd6+ 36. Kh1 Qxb8 37. h4 Qg3 38. Qxg3 0-1

[Event "Dundee & Angus Major"]
[Site "?"]
[Date "2012.10.12"]
[Round "4"]
[White "Campbell, Kevin"]
[Black "Congalton, David"]
[Result "1-0"]
[WhiteElo "1587"]
[BlackElo "1293"]
[PlyCount "81"]
[EventDate "14.??.??"]

1. e4 d6 2. d4 g6 3. Nf3 Bg7 4. Bc4 Nf6 5. e5 dxe5 6. Nxe5 O-O 7. O-O Nc6 8.
Nxc6 bxc6 9. Be3 Rb8 10. Nd2 Ng4 11. Nf3 Rb4 12. Bb3 Qd6 13. c3 Rb8 14. Qd2 Be6
15. Bf4 Qd7 16. Bxe6 fxe6 17. Rfe1 Rb5 18. h3 Rbf5 19. Bg3 Nh6 20. Qe3 e5 21.
Bxe5 Re8 22. Bxg7 Kxg7 23. Re2 Ra5 24. b4 Ra3 25. Rae1 Nf5 26. Qe5+ Kg8 27. g4
Rxc3 28. gxf5 Rxf3 29. fxg6 Qxh3 30. gxh7+ Qxh7 31. Qg5+ Kf8 32. Re3 Rf7 33.
Rg3 Rd8 34. Re4 Rd5 35. Qg4 Rd8 36. Re5 Rg7 37. Qxg7+ Qxg7 38. Rxg7 Kxg7 39.
Rxe7+ Kf6 40. Rxc7 Rxd4 41. Rxc6+ 1-0